00389 a2200109 4500001001000000005001700010008004100027245011100068100002300179773006000202999001700262ART_4366320260410161943.0260409a 10aEl Programa Nacional de Reparación Histórica de Jubilados y Pensionados ente los superiores tribunales1 aCarnota, Walter F.0 tTemas de derecho laboralg- Nº 9 (sep. 2017)wREV27619 c29667d29667